| 000 | 00499nam a2200169 i 4500 | ||
|---|---|---|---|
| 001 | 82759 | ||
| 003 | ES-MaACL | ||
| 005 | 20230906174728.0 | ||
| 007 | t| | ||
| 008 | 041111s1959 sp ||||1| spa d | ||
| 100 | 1 |
_aIdoate, Florencio. _965049 |
|
| 245 | 1 | 3 |
_aEl Señorío de Sarría / _cFlorencio Idoate Iragui. |
| 260 |
_aPamplona : _b[s.n.], _c1959 ( _fIruña) |
||
| 300 |
_a748 p. : _bil. ; _c25 cm. |
||
| 651 | 4 |
_aSarría (Señorío)- _xHistoria. _9157623 |
|
| 852 |
_aES-MaACL _jC-18376 _bR.46101 |
||
| 999 |
_c82759 _d82759 |
||